| 000 | 00424nam a2200181Ia 4500 | ||
|---|---|---|---|
| 001 | 18453 | ||
| 005 | 20260306171632.0 | ||
| 008 | 260306s9999||||xx |||||||||||||| ||und|| | ||
| 041 | _aESP | ||
| 082 |
_a658.404 _bT95 |
||
| 100 |
_aTurner, Rodney _eAUT |
||
| 245 | 0 | _aPerspectives on projects | |
| 260 | _c2010 | ||
| 300 |
_axxii, 346 páginas : _c23 cm. |
||
| 650 | _aGEN | ||
| 654 | _aCAN | ||
| 942 |
_cLIB _dJUS _fJUS _2ddc _n |
||
| 999 |
_c18453 _d18453 |
||